Movies Quiz

Random Movies or French Quiz

Vincent Cassel Films Quiz Stats

 Plays Quiz not verified by Sporcle

Also try: Parting Shots
Challenge
Share
Tweet
Embed
Score 0/35 Timer 08:00
0 Plays Today
Character name % Correct
VinzLa Haine
60%
François ToulourOcean's Twelve
48%
KirillEastern Promises
48%
Thomas Leroy / The Gentleman Black Swan
48%
MarcusIrreversible
40%
Monsieur HoodShrek
36%
François ToulourOcean's Thirteen
36%
Jacques MesrineMesrine: Part 1 - Killer Instinct
32%
LaRocheDerailed
28%
Joseph/Joseph's Wife Sheitan
28%
Mike BlueberryBlueberry
24%
Jacques Mesrine Public Enemy 1
24%
Otto Gross A Dangerous Method
24%
Yann 'Title' Le Pentrec Dobermann
20%
Gilles de RaisJoan of Arc
20%
PaulSur mes lèvres
20%
Capucin AmbrosioThe Monk
20%
Duc d'AnjouElizabeth
16%
Character name % Correct
Max KerkerianLes rivières pourpres
16%
Jean-FrançoisBrotherhood of the Wolf
16%
Max Mayer L'appartement
12%
Gino Bolognese Guest House Paradiso
12%
Brisseau Secret Agents
12%
Tony MerguezLascars
12%
MathiasAdrift
12%
PatrickOur Day Will Come
12%
MaxMetisse
8%
Camille DesmoulinsJefferson in Paris
8%
Bruno Corteggiani Adultery:A users Guide
8%
JulienThe Pupil
8%
PitouMéditerranées
8%
AlexeiBirthday Girl
8%
Lord De Guise The Reckoning
8%
Pasquale Come mi vuoi
4%
Satyre His Majesty Minor
4%

You're not logged in!

Compare scores with friends on all Sporcle quizzes.
OR
Log In

You Might Also Like...

Show Comments

Extras

Top Quizzes Today


Score Distribution

Your Account Isn't Verified!

In order to create a playlist on Sporcle, you need to verify the email address you used during registration. Go to your Sporcle Settings to finish the process.

Report this User

Report this user for behavior that violates our Community Guidelines.

Details: